Family Guy Quiz - Statistics

General Stats
  • This quiz has been taken 1,110 times
    1,097 since last reset
  • The average score is 8 of 15
Answer Stats
Hint Answer % Correct
What is Quagmire's first name Glenn
96%
What town is it set Quahog
86%
Where is Peter's real father from Ireland
80%
What is the name of the town Brewery Pawtucket Patriot
79%
What kind of animal is Jesse Dog
67%
And which season did Cleveland leave Season 8
63%
What is the name of Brian's long term ex-girlfriend Jillian
62%
Which creature appears on the flag of Quahog A Clam
46%
What is Lois's brother called Patrick
45%
Which Factory did the Griffins go to after Armegeddon Twinkie
40%
What is Stewie's nemesis called Bertram
37%
What is the first name of the chicken Peter frequently has fights with Ernie
23%
What is the full name of the Doctor Dr Elmer Hartman
20%
Which town did Cleveland move to from Quahog Stoolbend, Virginia
19%
Who voices Trisha Takanowa Alex Borstein
14%
No matching quizzes found
Score Distribution
Percent of People with Each Score
Percentile by Number Answered
Your Score History
You have not taken this quiz since the last reset